Escudos de los municipios de Huelva - Estadísticas

Estadísticas generales
  • Esta prueba ha sido intentada 34 veces
  • La puntuación promedio es 15 de 82
Estadísticas de respuestas
Imagen Respuesta % Correcto
Huelva
64%
Tharsis
64%
Zalamea la Real
64%
Fuenteheridos
50%
La Granada de Riotinto
50%
La Palma del Condado
50%
Palos de la Frontera
50%
Rosal de la Frontera
50%
San Juan del Puerto
50%
Villanueva de las Cruces
50%
Bonares
43%
Gibraleón
43%
El Granado
36%
Higuera de la Sierra
36%
Valverde del Camino
36%
El Cerro de Andévalo
29%
Minas de Riotinto
29%
Moguer
29%
Niebla
29%
Punta Umbría
29%
San Bartolomé de la Torre
29%
Almonte
21%
Alosno
21%
Aracena
21%
Beas
21%
Bollullos Par del Condado
21%
Cañaveral de León
21%
Chucena
21%
Cumbres Mayores
21%
Escacena del Campo
21%
La Zarza Perrunal
21%
Puerto Moral
21%
Rociana del Condado
21%
Valdelarco
21%
Calañas
14%
Castaño del Robledo
14%
Corteconcepción
14%
Encinasola
14%
Hinojos
14%
Manzanilla
14%
Sanlúcar de Guadiana
14%
Trigueros
14%
Alájar
7%
Aljaraque
7%
Almonaster la Real
7%
Aroche
7%
Ayamonte
7%
Berrocal
7%
Cabezas Rubias
7%
Cartaya
7%
Cortegana
7%
Cumbres de Enmedio
7%
El Almendro
7%
El Campillo
7%
Galaroza
7%
Isla Cristina
7%
Jabugo
7%
La Redondela
7%
Lepe
7%
Los Marines
7%
Lucena del Puerto
7%
Nerva
7%
Paymogo
7%
Puebla de Guzmán
7%
San Silvestre de Guzmán
7%
Santa Bárbara de Casa
7%
Villablanca
7%
Villanueva de los Castillejos
7%
Villarrasa
7%
Arroyomolinos de León
0%
Cala
0%
Campofrío
0%
Cortelazor
0%
Cumbres de San Bartolomé
0%
Hinojales
0%
La Nava
0%
Linares de la Sierra
0%
Paterna del Campo
0%
Santa Ana la Real
0%
Santa Olalla del Cala
0%
Villalba del Alcor
0%
Zufre
0%
No se encontraron pruebas coincidentes
Distribución de puntuación
Porcentaje de gente con cada puntuación
Porcentaje por número respondido
Historial de tus puntuaciones
No has intentado esta prueba.